| 000 | 00796cam a22002535a 4500 | ||
|---|---|---|---|
| 001 | 012615312 | ||
| 005 | 20160229104906.0 | ||
| 008 | 010618s2001 enk fr 000 0 eng d | ||
| 020 | _a041525549X (hbk) : | ||
| 020 | _a9780415255493 | ||
| 020 | _a0415253977 (pbk) | ||
| 040 |
_aDLC _beng _cDLC _dUk _dEG-ScBUE |
||
| 082 | 0 | 4 |
_a302.23 _bMCL _222 |
| 100 | 1 |
_aMcLuhan, Marshall, _d1911-1980. _939458 |
|
| 245 | 1 | 0 |
_aUnderstanding media : _bthe extensions of man / _cMarshall McLuhan. |
| 260 |
_aLondon : _bRoutledge / Taylor & Francis Group, _c2001. |
||
| 300 |
_a392 p. ; _c21 cm. |
||
| 650 | 7 |
_aMass media. _2BUEsh _99699 |
|
| 650 | 7 |
_aCommunication. _2BUEsh _913476 |
|
| 650 | 7 |
_aCommunication and technology. _2BUEsh _937773 |
|
| 651 | _2BUEsh | ||
| 653 |
_bCOMAME _cFebruary2016 |
||
| 942 | _2ddc | ||
| 999 |
_c21274 _d21246 |
||